Countries Ending in 'U' Quiz Stats

 Plays Quiz Updated Nov 27, 2018

Support Sporcle.
Go Orange.
Score 0/6 Timer 02:00
9 Plays Today
Country % Correct
Tuvalu
72.5%
Vanuatu
70.1%
Peru
69.2%
Nauru
68.5%
Palau
66.8%
Guinea-Bissau
39.7%

From the Vault

Baby Animals Playing

by palmtree

Science 8m
All work and no play makes kitty a dull pet.
Remove Ads.
Support Sporcle.
Get the best of Sporcle when you Go Orange. This ad-free experience offers more features, more stats, and more fun while also helping to support Sporcle. Thank you for becoming a member.

Show Comments

Extras

Top Quizzes Today


Score Distribution

Your Account Isn't Verified!

In order to create a playlist on Sporcle, you need to verify the email address you used during registration. Go to your Sporcle Settings to finish the process.

Report this User

Report this user for behavior that violates our Community Guidelines.

Details: